000 00819nam a2200277 a 4500
999 _c2833
_d2833
006 m||||go||d| 00| 0
007 cr |||||||||||
008 861201s2013 enka o 001 0 eng d
020 _a9780080982625
_c(ebook)
040 _aKO
_beng
044 _aenk
082 0 4 _223
100 1 _aButler, Don.
245 1 2 _aA guide to ship repair estimates in man hours /
_cDon Butler.
250 _aSecond edition.
264 1 _aAmsterdam, [Netherlands] :
_bElsevier, Butterworth-Heinemann,
_c2013.
300 _a1 online resource
490 0 _aMarine engineering
500 _aIncludes index.
650 0 _aShipyards
_xManagement.
650 0 _aShips
_xMaintenance and repair
_xEstimates.
856 4 0 _uhttps://www.sciencedirect.com/science/book/9780080982625
904 _aA_BOSE
942 _cEB